| 000 | 02810nam1a2200325 i 4500 | ||
|---|---|---|---|
| 001 | RU\NLR\BIBL_A\012553470 | ||
| 005 | 20260406044257.0 | ||
| 035 | _a(NLR Aleph) 012553470 | ||
| 090 |
_a12437836 _c12437836 |
||
| 100 | _a20210625g2020 um y0rusy50 ca | ||
| 101 | 0 | _arus | |
| 102 | _aRU | ||
| 105 | _a||||j|||||||| | ||
| 181 | 0 |
_ai3 _baxxe |
|
| 182 | 0 | _an | |
| 200 | 1 |
_aСборник задач по статистике водного транспорта _eучебно-методическое пособие _eдля студентов всех форм обучения по направлениям: 38.03.01 "Экономика", 38.03.02 "Менеджмент", 38.03.04 "Государственное и муниципальное управление", 26.03.01 "Управление водным транспортом и гидрографическое обеспечение судоходства", 09.03.03 "Прикладная информатика" _fВ. А. Бабурин, И. В. Малыхина, В. П. Шилкин, И. Д. Шилкина _gФедеральное агентство морского и речного транспорта, Федеральное государственное бюджетное образовательное учреждение высшего образования Государственный университет морского и речного флота имени адмирала С. О. Макарова, Институт водного транспорта, Кафедра математического моделирования и прикладной информатики |
|
| 203 |
_aТекст _bвизуальный _cнепосредственный |
||
| 210 |
_aСанкт-Петербург _cИзд-во ГУМРФ им. адм. С.О. Макарова _d2020 |
||
| 215 | _d30 | ||
| 300 | _aВ вып. дан. авт.: к.т.н. проф. В.А. Бабурин, к.т.н., доц. И.. В. Малыхина, к.э.н., доц. В.П. Шилкин, к.э.н., проф. И.Д. Шилкина | ||
| 606 |
_aВодный транспорт _jЗадачники _xСтатистика _91266870 _3RU\NLR\AUTH\66203211 |
||
| 686 | 1 | _aУ051.9(2)374(2Р)я73-4 | |
| 701 | 1 |
_8rus _7ca _aБабурин _bВ. А. _gВалерий Александрович _3RU\NLR\AUTH\774178 _9114161 |
|
| 701 | 1 |
_aМалыхина _bИ. В. _cканд. техн. наук _gИрина Вячеславовна _9188197 _3RU\NLR\AUTH\770188248 |
|
| 701 | 1 |
_aШилкин _bВ.П. _gВладимир Петрович |
|
| 701 | 1 |
_aШилкина _bИ. Д. _cканд. экон. наук _gИрина Дмитриевна _9188195 _3RU\NLR\AUTH\770188246 |
|
| 852 |
_aNLR _j2021-8/2000 |
||
| 942 | _cBOOK | ||